| 000 | 00396nam a2200169Ia 4500 | ||
|---|---|---|---|
| 008 | 230524s9999 xx 000 0 und d | ||
| 082 |
_a658.45 _bGUP |
||
| 100 | _aC.B.Gupta | ||
| 245 | 0 | _aMarketing Management | |
| 250 | _a1ST | ||
| 260 |
_aNEW DELHI _bS.Chand _c2004 |
||
| 300 | _aIX;643 | ||
| 500 | _aQuantity Number: 5 | ||
| 650 | _aManagement | ||
| 700 | _a N.Ranjan Nair | ||
| 942 | _cBK | ||
| 999 |
_c38134 _d38134 |
||